000 03562nab a2200277 i 4500
003 BR-BrBNA
005 20260227092839.0
008 260227b2017 bl.ar|pooa||| 00| 0 por |
040 _aBR-BrBNA
_bpor
072 _aK50
_b3240
100 _aRosa, Thiago Souza da
100 _aTrianoski, Rosilani
100 _aIwakiri, Setsuo
100 _aBonduelle, Ghislaine Miranda
100 _aSouza, Huan Pablo de
245 _aUtilização de Cinco Espécies de Eucalyptus para a Produção de Painéis OSB
500 _aPublicação on-line; 21 ref.; 4 tables; 1 illus.; Summaries (En, Pt)
520 _a RESUMO O objetivo deste estudo foi avaliar a viabilidade técnica da utilização de cinco espécies de Eucalyptus, provenientes de plantios com ciclo de curta rotação, para produção de painéis OSB. As espécies estudadas foram: Eucalyptus benthamii, Eucalyptus dunni, Eucalyptus grandis, Eucalyptus saligna, Eucalyptus urograndis, a mistura entre elas e o Pinus taeda como testemunha. Os painéis de Eucalyptus apresentaram maior estabilidade dimensional quando comparados com os painéis testemunha. Os painéis compostos pelo mix de espécies apresentaram estabilidade dimensional semelhante aos demais produzidos com as espécies de Eucalyptus puras. No ensaio de flexão estática os valores de MOR não apresentaram diferenças estatísticas entre os tratamentos, porém, para MOE, os painéis de Eucalyptus apresentaram valores estatisticamente superiores quando comparados aos da testemunha. Na tração perpendicular os painéis produzidos com Pinus taeda apresentaram valor médio superior às demais espécies. Todas as espécies assim como a mistura entre elas mostraram viabilidade técnica para produção de painéis OSB. Palavras-chave: curta rotação, painéis de partículas orientadas, espécies de rápido crescimento, painéis estruturais e não estruturais, fenol-formaldeído. Use of Five Eucalyptus Species to the Manufacture of Oriented Strand Board ABSTRACT This study aimed to assess the technical feasibility of using five Eucalyptus species to manufacture Oriented Strand Boards. The species studied were: Eucalyptus benthamii, Eucalyptus dunni, Eucalyptus grandis, Eucalyptus saligna, Eucalyptus urograndis the mixture between them and the Pinus taeda as control. The panels composed by a mix of species showed dimensional stability similar to others produced with Eucalyptus pure species. The panels of Eucalyptus had lower water absorption and thickness swelling values to the controls panels. In static bending, the MOR values did not show statistics differences between treatments, however, for MOE the Eucalyptus panels showed statistically higher values when compared to control specie. In internal bond, the panels produced with Pinus taeda showed higher average value than the other species. All species as well as the mixture showed technical feasibility for the production of Oriented Strand Board. Keywords: short rotation, oriented strandboard, fast growing species, structural and non-structural panels, phenol-formaldehyde.
650 _aPAINEL DE MADEIRA
650 _aFENOL
650 _aEUCALIPTO
773 0 _02929
_9347945
_dRio de Janeiro-RJ Instituto de Florestas - UFRRJ 1994
_o2025-0444
_tFloresta e Ambiente (Brazil)
_x1415-0980 / ISSN 2179-8087 0nline
_gv. 24 p. 1-8; (2017)
_wBR2025007478
856 _uhttps://www.scielo.br/j/floram/a/GsnXsNvgJxCR7BWVpG6SsND/?format=pdf&lang=pt
942 _cANA
999 _c340220
_d340220